00544cam a22001692 4500001001100000005001700011008004100028020001500069040001500084245011400099250001300213260002600226300001600252650003400268710006900302852000300371000002078020151217152221.0111014s xx 000 0 eng d a0853698340 aKABUcKABU10aGood pharmacovigilance practice guide /ccompiled by the Medicines and Healthcare products Regulatory Agency. a1st ed. aLondon :bPhP,c2009. axvi, 69 p. 0aPharmacyzEurope.@00001813342 aMedicines and Healthcare products Regulatory Agency.@00001813351